000 00573nam a22002057a 4500
003 OSt
005 20140310182918.0
008 130129t xxu||||| |||| 00| 0 eng d
020 _a9789717251882
050 _aPL 5531
_b.V797 2011
082 _aFIL 899.211
_bV766 2011
245 _aPhilippine literature
_ba statement of ourselves
_cVinuya, Remedios V.
260 _aMakati City
_bGrandbooks Publishing Inc.
_cc2011
300 _a307 p.
_c25 cm.
521 _acollege students
526 _c1210L-1700L
541 _j1
562 _e1
942 _2lcc
_cBK
_kFIL
999 _c17316
_d17316